=LDR 00000nam 2200000 4500 =001 INLIS000000000009944 =005 20130612101710 =008 ***********************************Ind** =035 ##$$0010-061300000009944 =041 ##$$a Ind =082 ##$$a F Rom D =090 ##$$a F Rom D, Dia t =100 ##$$a Cut Dia =245 ##$$a Terdampar di kerajaan venus, Cut Dian ; editor, Ratna Susanti =260 ##$$a 2002 $b Solo =300 ##$$a 197 hlm, ilus, 21 cm =650 ##$$a Fiksi Dewasa-Indonesia =850 ##$$a NBPNMAT